000 01140nam a22003137a 4500
001 BR7200325
003 BR-BrBNA
005 20230928083750.0
007 ta
008 230509b bl.||||| |||| 00| 0 por d
040 _aBR-BrBNA
_bpor
_cBiblioteca Nacional de Agricultura
041 _a(Por)
072 _aE15
_b/G514
090 _ E15 BR7200325
110 1 _aAssociacao dos Diplomados da Escola Superior de Guerra, Maceio, AL (Brasil). Delegacia de Alagoas;
_9577
110 1 _aAssociacao dos Diplomados da Escola Superior de Guerra, Aracaju, SE (Brasil). Delegacia de Sergipe
_9570
245 1 _aModernizacao da agricultura sergipana pela introducao de inovacoes tecnologicas: organizacao cooperativista e incentivos fiscais. 2. ciclo de estudos sobre seguranca nacional e desenvolvimento [Brasil]
260 3 _aAracaju, SE (Brasil):
_cOct 1972.
300 _a43 p.
500 _a20 ref.
650 _aMicroeconomia
650 _aCooperativa
650 _aAnalise economica
650 _aSistema de producao
650 _aIncentivo fiscal
650 _aSergipe
909 _a202309
_bLucia
_c55
_dLucia Elande
942 _cBK
999 _c15138
_d15138